| 000 | 00746pam a2200205 a 4500 | ||
|---|---|---|---|
| 001 | 3980337 | ||
| 005 | 20250308130255.0 | ||
| 008 | 950731s1996 nyua b 001 0 eng | ||
| 020 | _a0471133086 (pbk. : alk. paper) | ||
| 050 | 0 | 0 |
_aHD58.7 _b.S339 1996 |
| 082 | 0 | 0 |
_a658.4 _220 |
| 100 | 1 | _aSchermerhorn, John R. | |
| 245 | 1 | 0 |
_aManagement and organizational behavior essentials / _cJohn R. Schermerhorn, Jr. |
| 260 |
_aNew York : _bJohn Wiley, _cc1996. |
||
| 300 |
_axviii, 321 p. : _bill. ; _c24 cm. |
||
| 650 | 0 | _aOrganizational behavior. | |
| 856 | 4 | 2 |
_3Publisher description _uhttp://www.loc.gov/catdir/description/wiley037/95037720.html |
| 856 | 4 |
_3Table of Contents _uhttp://www.loc.gov/catdir/toc/onix05/95037720.html |
|
| 942 |
_2lcc _cBK _n0 |
||
| 999 |
_c4593 _d4593 |
||